| 000 | 00554nam a22002177a 4500 | ||
|---|---|---|---|
| 999 |
_c14403 _d14403 |
||
| 003 | PK-NaQUE | ||
| 005 | 20250108093356.0 | ||
| 008 | 250108b ||||| |||| 00| 0 eng d | ||
| 020 | _a1464152195 | ||
| 022 | _a978-1464152191 | ||
| 040 | _cQUEST | ||
| 082 | _a515.9MAR | ||
| 100 | _aMarsden, Jerrold | ||
| 245 | _aBasic Complex Analysis | ||
| 260 |
_aNew York _bFreeman _c1996 |
||
| 300 | _a604 | ||
| 650 | _aComplex Analysis | ||
| 700 | _aHoffman, Michael | ||
| 856 |
_uhttp://10.10.170.122:8080/browse/book/26249 _yeBook |
||
| 942 |
_cBK _2ddc |
||